000 00722nam a2200217Ia 4500
003 GCL
008 140319s9999 xx 000 0 ara d
040 _aGCL /
_cGCL
082 0 4 _a301.4512
_bا ف
100 1 _aاحمد صدقى الدجانى
245 1 0 _aالفلسطنيون العرب فى مصر العربية بحوث ودراسات /
_cاحمد صدقى الدجانى
260 _a[S.N] :
_bدار المستقبل العربى ،
_c1986
300 _a161 ص
490 _a
650 0 4 _aمصر
650 0 4 _aالفلسطينيون
650 0 4 _aاللاجئون الفلسطينيون
650 0 4 _aالدراسات الاجتماعية
650 0 4 _aجمال عبدالناصر
942 _2ddc
_cBK
999 _c34689
_d34689